00941nam a2200265 i 4500001000400000245007600004250001300080260004200093300002400135490007000159500002400229504003500253505002000288650001500308650002800323700002600351700002500377700002700402830007000429020002100499040000800520041000800528008004100536856009800577bgj00aUnderstanding television /cedited by Andrew Goodwin and Garry Whannel. a[Repr.]. aLondon :bRoutledge,c1995aNew York. aX, 192 pp ;c22 cm.1 aStudies in Culture and Communication / John Fiske, general editor a1st published 1990. aReferences after each chapter. aIncludes index. 9aMass media 9aTelevision broadcasting1 aGOODWIN, Andrew.eed.1 aWHANNEL, Garry.eed.1 aFISKE, John.egen. ed. 0aStudies in Culture and Communication (John Fiske, general editor) a041501672X (pbk) cBPK0 aeng s uk f |000 0 eng  uhttp://koha.tu.koszalin.pl/cgi-bin/koha/opac-detail.pl?biblionumber=50166yKatalog online BPK